HSE launches asbestos campaign (Record no. 70669)

MARC details
000 -LEADER
fixed length control field 01053cam a2200205 4500
001 - CONTROL NUMBER
control field WB3824-02
008 - FIXED-LENGTH DATA ELEMENTS--GENERAL INFORMATION
fixed length control field 020703n2002 000 0 eng u
035 ## - SYSTEM CONTROL NUMBER
System control number (Sirsi) u118668
245 ## - TITLE STATEMENT
Title HSE launches asbestos campaign
260 ## - PUBLICATION, DISTRIBUTION, ETC.
Date of publication, distribution, etc. 2002
490 ## - SERIES STATEMENT
Series statement RICS Building Surveying Faculty News
Volume/sequential designation 2 July 2002, (1)
520 ## - SUMMARY, ETC.
Summary, etc. The Health and Safety Executive (HSE) has a new duty to manage the risk from asbestos in premises, developed specifically to address the current major health problem. The HSEαs supporting campaign aims to promote awareness of the new legislation to a large, comprehensive consumer group. HSE absestos campaign at http://www.hse.gov.uk/asbestos/index.htm. http://www.rics.org/ricscms/bin/show?class=News&template=/includes/shownews.html&id=2990
590 ## - LOCAL NOTE (RLIN)
Local note WB
650 ## - SUBJECT ADDED ENTRY--TOPICAL TERM
Topical term or geographic name entry element CONTROL OF ASBESTOS AT WORK REGULATIONS 2002
650 ## - SUBJECT ADDED ENTRY--TOPICAL TERM
Topical term or geographic name entry element MANAGEMENT-HEALTH AND SAFETY-HAZARDOUS SUBSTANCES-ASBESTOS
650 ## - SUBJECT ADDED ENTRY--TOPICAL TERM
Topical term or geographic name entry element HEALTH AND SAFETY EXECUTIVE
650 ## - SUBJECT ADDED ENTRY--TOPICAL TERM
Topical term or geographic name entry element HSE
690 ## - LOCAL SUBJECT ADDED ENTRY--TOPICAL TERM (OCLC, RLIN)
Topical term or geographic name as entry element BUILT ENVIRONMENT-BUILDING STANDARDS
942 ## - ADDED ENTRY ELEMENTS (KOHA)
Suppress in OPAC 0
Holdings
Withdrawn status Lost status Source of classification or shelving scheme Damaged status Not for loan Home library Current library Shelving location Date acquired Total Checkouts Full call number Barcode Date last seen Copy number Price effective from Koha item type
    Dewey Decimal Classification     London London News article 03/07/2002   WB3824-02 118668-1001 06/08/2019 1 06/08/2019 News article